Every country quiz - Statistics

General Stats
  • This quiz has been taken 23 times
  • The average score is 8 of 12
Answer Stats
Hint Answer % Correct
Capital Bucharest
91%
Color on flag(main Red
91%
Language Romanian
91%
Border country Bulgaria
77%
Hungary
77%
Blue
73%
Moldova
73%
Ukraine
73%
Yellow
73%
Serbia
64%
Region Christianity
14%
President Klaus Iholannis
5%
No matching quizzes found
Score Distribution
Percent of People with Each Score
Percentile by Number Answered
Your Score History
You have not taken this quiz